[Event "2.BLS 1617 SC Heusenstamm - SC Eppingen"]
[Site "?"]
[Date "2016.12.04"]
[Round "3.5"]
[White "Vogt, Lothar"]
[Black "Barski, Radoslaw"]
[Result "1-0"]
[WhiteElo "2417"]
[BlackElo "2422"]
[PlyCount "91"]
[EventDate "2016.??.??"]

1. Nf3 c5 2. c4 Nc6 3. d4 cxd4 4. Nxd4 g6 5. e4 Bg7 6. Be3 Nf6 7. Nc3 d6 8. Be2
O-O 9. O-O Bd7 10. Qd2 Nxd4 11. Bxd4 a5 12. b3 Bc6 13. f3 Nd7 14. Be3 Nc5 15.
Rab1 e6 16. Rfd1 Be5 17. Bd4 Qe7 18. Qe3 Rad8 19. Bf1 f6 20. a3 Bxd4 21. Rxd4
e5 22. Rd2 f5 23. b4 axb4 24. axb4 Ne6 25. Rbd1 Nd4 26. Ne2 Nxe2+ 27. Bxe2 fxe4
28. fxe4 Rf4 29. Bf3 Qg5 30. Rd3 b6 31. g3 Ra8 32. Qd2 h6 33. Bg2 Rf6 34. Qxg5
hxg5 35. Rxd6 Rxd6 36. Rxd6 Ra1+ 37. Kf2 Ra2+ 38. Kf3 Be8 39. Bf1 Rxh2 40. Rxb6
Kf7 41. c5 Bd7 42. Rb7 Ke8 43. b5 Rc2 44. c6 Rc3+ 45. Kf2 Be6 46. b6 1-0

[Event "2.BLS 1617 SC Heusenstamm - SC Eppingen"]
[Site "?"]
[Date "2016.12.04"]
[Round "3.6"]
[White "Solonar, Stefan"]
[Black "Mesaros, Florian"]
[Result "0-1"]
[WhiteElo "2331"]
[BlackElo "2334"]
[PlyCount "140"]
[EventDate "2016.??.??"]

1. Nf3 c5 2. c4 Nc6 3. d4 cxd4 4. Nxd4 Nf6 5. Nc3 e6 6. a3 Be7 7. e4 O-O 8. Be2
d5 9. exd5 exd5 10. cxd5 Nxd5 11. Nxc6 bxc6 12. Bd2 Bf6 13. O-O Bf5 14. Qc1 Rb8
15. Bf3 Qd7 16. Rd1 Qb7 17. Nxd5 cxd5 18. Bc3 Bxc3 19. bxc3 Be4 20. Bxe4 dxe4
21. Rb1 Qc6 22. Rb4 Rbd8 23. Rbd4 Rc8 24. c4 f5 25. Qg5 a6 26. g3 h6 27. Qf4
Qa4 28. Qe5 Rce8 29. Qc5 f4 30. gxf4 Qb3 31. Qh5 e3 32. fxe3 Qxe3+ 33. Kh1 Qf2
34. Qd5+ Kh8 35. Qg2 Qh4 36. Qg3 Qf6 37. Kg1 Re2 38. R1d2 Re7 39. Qf2 Qg6+ 40.
Kf1 Qb6 41. Kg2 Ref7 42. Qf3 Qc7 43. Re2 Rf6 44. Ree4 Qb6 45. Qe3 Qb2+ 46. Rd2
Qc1 47. Qe1 Qxa3 48. Rf2 Qd3 49. Rf3 Qd6 50. Re8 Qc6 51. Rxf8+ Rxf8 52. Qc1 Re8
53. f5 Re4 54. f6 Rg4+ 55. Kf2 Rxc4 56. fxg7+ Kg8 57. Qa3 Rc2+ 58. Kf1 Rc1+ 59.
Kg2 Rc2+ 60. Kf1 Rc1+ 61. Kg2 Qg6+ 62. Rg3 Rc2+ 63. Kh1 Qe4+ 64. Qf3 Rc1+ 65.
Kg2 Rc2+ 66. Kh3 Qe6+ 67. Rg4 Rc8 68. Kh4 Qe7+ 69. Kh5 Rc5+ 70. Kxh6 Qd6+ 0-1

[Event "2.BLS 1617 SC Heusenstamm - SC Eppingen"]
[Site "?"]
[Date "2016.12.04"]
[Round "3.7"]
[White "Hacker, Jonas"]
[Black "Klundt, Klaus"]
[Result "1-0"]
[WhiteElo "2369"]
[BlackElo "2300"]
[PlyCount "83"]
[EventDate "2016.??.??"]

1. e4 c5 2. Nf3 e6 3. d4 cxd4 4. Nxd4 Nc6 5. Nc3 Qc7 6. Be3 a6 7. Be2 Nf6 8.
O-O Bb4 9. Na4 Be7 10. Nxc6 bxc6 11. Nb6 Rb8 12. Nxc8 Qxc8 13. Bd4 O-O 14. e5
Nd5 15. c4 Nf4 16. Bf3 f6 17. Be4 c5 18. Bc3 Qc7 19. Kh1 fxe5 20. g3 Ng6 21.
Qh5 Bf6 22. Rad1 Rf7 23. Rd2 Nf8 24. Rfd1 g6 25. Qg4 Bg7 26. Kg1 Qd8 27. Rd6 h5
28. Qe2 Qg5 29. Rxa6 Nh7 30. Rad6 Nf6 31. h4 Qh6 32. Bf3 e4 33. Bxe4 Nxe4 34.
Qxe4 Bxc3 35. bxc3 Qg7 36. R1d2 Rbf8 37. a4 Qxc3 38. Rxd7 Rf6 39. Kg2 Qa1 40.
Qe3 Qxa4 41. Qh6 Rxf2+ 42. Kh3 1-0

[Event "2.BLS 1617 SC Heusenstamm - SC Eppingen"]
[Site "?"]
[Date "2016.12.04"]
[Round "3.8"]
[White "von Rahden, Arvid"]
[Black "Gibicar, Danijel"]
[Result "1/2-1/2"]
[WhiteElo "2202"]
[BlackElo "2264"]
[PlyCount "54"]
[EventDate "2016.??.??"]

1. e4 e6 2. d4 d5 3. exd5 exd5 4. Bd3 Nf6 5. Bf4 c5 6. Qe2+ Be6 7. Nf3 Bd6 8.
Bxd6 Qxd6 9. dxc5 Qxc5 10. O-O O-O 11. h3 Re8 12. Qd1 Nc6 13. Nbd2 Rac8 14. Nb3
Qb6 15. c3 Ne4 16. Rb1 Bf5 17. Nbd4 Bg6 18. Nxc6 bxc6 19. Nh4 Nc5 20. Nxg6 Nxd3
21. Qxd3 hxg6 22. b3 Qa5 23. Rb2 Re4 24. c4 Rce8 25. cxd5 Qxd5 26. Qxd5 cxd5
27. Rd2 Re2 1/2-1/2

[Event "2.BLS 1617 SC Deizisau - SF Schöneck"]
[Site "?"]
[Date "2016.12.04"]
[Round "3.1"]
[White "Poetsch, Hagen"]
[Black "Gupta, Abhijeet"]
[Result "0-1"]
[WhiteElo "2495"]
[BlackElo "2634"]
[PlyCount "126"]
[EventDate "2016.??.??"]

1. e4 c5 2. Nf3 d6 3. d4 cxd4 4. Nxd4 Nf6 5. Nc3 Nc6 6. Bg5 e6 7. Qd2 a6 8.
O-O-O Bd7 9. f4 b5 10. Bxf6 gxf6 11. Kb1 Qb6 12. Nxc6 Bxc6 13. f5 Qc5 14. Bd3
a5 15. fxe6 fxe6 16. Qe2 Rb8 17. Nd5 Bg7 18. Rhf1 O-O 19. Ne7+ Kf7 20. Nxc6
Qxc6 21. e5 dxe5 22. Bxh7 Ke7 23. Be4 Qc4 24. Qd2 Rfd8 25. Qxa5 f5 26. Bd3 Qc5
27. c3 e4 28. Be2 Be5 29. Rxd8 Rxd8 30. Qxb5 Qxb5 31. Bxb5 Rd2 32. a4 Bc7 33.
b4 Rxg2 34. a5 e3 35. Rd1 Be5 36. Rc1 f4 37. a6 Bb8 38. Re1 Ba7 39. Bc6 Rf2 40.
c4 f3 41. Bxf3 Rxf3 42. Kc2 Rf2+ 43. Kc3 Rxh2 44. c5 e2 45. Kc4 Kd7 46. b5 Rh4+
47. Kc3 Bxc5 48. Rxe2 Ra4 49. Rb2 Kd6 50. Rh2 e5 51. Rh8 Bd4+ 52. Kb3 Ra1 53.
Kc4 Rc1+ 54. Kd3 Rc3+ 55. Ke4 Re3+ 56. Kf5 Rb3 57. Rb8 Ra3 58. Rb7 Kd5 59. Rd7+
Kc4 60. Rb7 Kd3 61. Re7 Ra1 62. a7 Ra5 63. Ke6 e4 0-1

[Event "2.BLS 1617 SC Deizisau - SF Schöneck"]
[Site "?"]
[Date "2016.12.04"]
[Round "3.2"]
[White "Krasenkow, Michal"]
[Black "Rydl, Jiri"]
[Result "1-0"]
[WhiteElo "2626"]
[BlackElo "2404"]
[PlyCount "103"]
[EventDate "2016.??.??"]

1. d4 d5 2. c4 c6 3. Nc3 Nf6 4. e3 e6 5. Nf3 Nbd7 6. Qc2 Bd6 7. b3 O-O 8. Bb2
Qe7 9. Rd1 b6 10. Bd3 Bb7 11. O-O Rad8 12. cxd5 cxd5 13. Nb5 a6 14. Nxd6 Qxd6
15. Ne5 Rc8 16. Qe2 Qe7 17. f4 Nxe5 18. dxe5 Ne4 19. Bxe4 dxe4 20. Rd6 b5 21.
f5 Qg5 22. f6 Rc7 23. Rf4 h5 24. h4 Qg6 25. g4 Rfc8 26. Rd2 gxf6 27. exf6 Rc5
28. Kh2 Kh8 29. Ba3 Rc3 30. gxh5 Qh6 31. Bb2 e5 32. Rf5 Rxe3 33. Qg4 Rf3 34.
Rg5 Rf4 35. Qxc8+ Bxc8 36. Rd8+ Kh7 37. Rg7+ Qxg7 38. fxg7 Rxh4+ 39. Kg3 Rg4+
40. Kf2 Be6 41. h6 Rf4+ 42. Ke2 f6 43. Bc1 Rh4 44. Rh8+ Kg6 45. g8=Q+ Bxg8 46.
Rxg8+ Kh7 47. Rg7+ Kh8 48. Rf7 Rh1 49. Bd2 Rh2+ 50. Ke3 Rxh6 51. Kxe4 Rh2 52.
Kd3 1-0

[Event "2.BLS 1617 SC Deizisau - SF Schöneck"]
[Site "?"]
[Date "2016.12.04"]
[Round "3.3"]
[White "Konopka, Michal"]
[Black "Dautov, Rustem"]
[Result "1/2-1/2"]
[WhiteElo "2392"]
[BlackElo "2605"]
[PlyCount "33"]
[EventDate "2016.??.??"]

1. Nf3 d5 2. d4 Nf6 3. c4 c6 4. Qb3 dxc4 5. Qxc4 Bg4 6. Nc3 Nbd7 7. e4 Bxf3 8.
gxf3 e5 9. Be3 Bd6 10. O-O-O Qc7 11. dxe5 Bxe5 12. Ne2 Nb6 13. Qc2 Nh5 14. Rg1
O-O 15. Rg4 g6 16. f4 Bg7 17. e5 1/2-1/2

[Event "2.BLS 1617 SC Deizisau - SF Schöneck"]
[Site "?"]
[Date "2016.12.04"]
[Round "3.4"]
[White "Kozul, Zdenko"]
[Black "Heinatz, Thomas"]
[Result "1-0"]
[WhiteElo "2613"]
[BlackElo "2278"]
[PlyCount "79"]
[EventDate "2016.??.??"]

1. d4 Nf6 2. c4 g6 3. Nc3 Bg7 4. e4 d6 5. Nf3 O-O 6. Be2 e5 7. O-O Nc6 8. d5
Ne7 9. Ne1 Nd7 10. Nd3 f5 11. Bd2 Nf6 12. f3 f4 13. c5 g5 14. cxd6 cxd6 15. Nf2
Ng6 16. Qc2 Rf7 17. Rfc1 Bd7 18. a4 h5 19. Nb5 Ne8 20. Qd1 Bf8 21. Rc3 a6 22.
Na3 b5 23. axb5 axb5 24. Rb3 Nf6 25. Bxb5 g4 26. Bxd7 Qxd7 27. Nc4 Rxa1 28.
Qxa1 Nh4 29. fxg4 hxg4 30. Qa6 Nh5 31. Nb6 Qc7 32. Rc3 Qd8 33. Nxg4 Rg7 34. h3
Ng3 35. Rc8 Qe7 36. Nd7 Rxg4 37. Nxf8 Ne2+ 38. Qxe2 Qa7+ 39. Be3 Qa1+ 40. Rc1
1-0

[Event "2.BLS 1617 SC Deizisau - SF Schöneck"]
[Site "?"]
[Date "2016.12.04"]
[Round "3.5"]
[White "Meyer, Kai-Christian"]
[Black "Lagarde, Maxime"]
[Result "0-1"]
[WhiteElo "2180"]
[BlackElo "2588"]
[PlyCount "82"]
[EventDate "2016.??.??"]

1. a3 g6 2. d4 Bg7 3. Nf3 f5 4. b4 Nf6 5. Bb2 O-O 6. e3 e6 7. c4 d6 8. Qb3 b6
9. Be2 h6 10. Nc3 Kh7 11. Nd2 Bb7 12. Bf3 d5 13. h4 c6 14. Ne2 Nbd7 15. Nf4 Qe8
16. Qc2 Ne4 17. Bxe4 fxe4 18. h5 gxh5 19. f3 Rxf4 20. exf4 Qg6 21. fxe4 Qg3+
22. Kd1 Qxg2 23. Rf1 Kh8 24. e5 c5 25. Qd3 dxc4 26. Qe3 Qg4+ 27. Ke1 h4 28. Rg1
Bg2 29. Qe2 Qxe2+ 30. Kxe2 h3 31. Ke3 cxb4 32. axb4 b5 33. d5 Nb6 34. dxe6 Nd5+
35. Kd4 Nxf4 36. Kc5 Nd3+ 37. Kd6 Nxb2 38. e7 Nd3 39. Rxa7 Rg8 40. Rd7 Nxe5 41.
Nf3 Nxd7 0-1

[Event "2.BLS 1617 SC Deizisau - SF Schöneck"]
[Site "?"]
[Date "2016.12.04"]
[Round "3.6"]
[White "Graf, Alexander"]
[Black "Weiss, Matthias"]
[Result "1-0"]
[WhiteElo "2574"]
[BlackElo "2052"]
[PlyCount "45"]
[EventDate "2016.??.??"]

1. d4 Nf6 2. c4 c5 3. d5 b5 4. cxb5 a6 5. e3 axb5 6. Bxb5 Qa5+ 7. Nc3 e6 8.
dxe6 fxe6 9. Nge2 Be7 10. O-O O-O 11. a4 Na6 12. e4 Nb4 13. Bg5 Qd8 14. Qd2 d5
15. exd5 exd5 16. Nf4 d4 17. Bxf6 Bxf6 18. Ne4 Be5 19. Nd3 Bxh2+ 20. Kxh2 Qh4+
21. Kg1 Qxe4 22. Nxc5 Qg6 23. Qxb4 1-0

[Event "2.BLS 1617 SC Deizisau - SF Schöneck"]
[Site "?"]
[Date "2016.12.04"]
[Round "3.8"]
[White "Naiditsch, Yuliya"]
[Black "Everett, Elijah"]
[Result "1-0"]
[WhiteElo "2419"]
[BlackElo "2109"]
[PlyCount "45"]
[EventDate "2016.??.??"]

1. e4 c5 2. Nf3 d6 3. Bb5+ Nd7 4. d4 cxd4 5. Qxd4 a6 6. Bxd7+ Bxd7 7. c4 e5 8.
Qd3 b5 9. Nc3 Qb6 10. Nd5 Qb7 11. c5 Bc6 12. cxd6 Bxd5 13. d7+ Kd8 14. exd5
Bb4+ 15. Bd2 Bxd2+ 16. Qxd2 f6 17. O-O Ne7 18. d6 Nc6 19. Rac1 Qxd7 20. Rc2 e4
21. Nd4 Nxd4 22. Qxd4 Rc8 23. Rfc1 1-0

[Event "2.BLS 1617 TSV Schönaich - SC Viernheim"]
[Site "?"]
[Date "2016.12.04"]
[Round "3.2"]
[White "Bosiocic, Marin"]
[Black "Smirin, Ilia"]
[Result "1/2-1/2"]
[WhiteElo "2591"]
[BlackElo "2669"]
[PlyCount "97"]
[EventDate "2016.??.??"]

1. c4 g6 2. g3 Bg7 3. Bg2 e5 4. e4 h5 5. h4 Nh6 6. Nc3 O-O 7. d3 d6 8. Nge2 Na6
9. f3 Nc5 10. Be3 f5 11. Bg5 Qe8 12. Nd5 Rf7 13. Qd2 Kh7 14. Ng1 Ne6 15. Nh3
fxe4 16. dxe4 Nd4 17. Bxh6 Bxh6 18. Ng5+ Bxg5 19. hxg5 Qa4 20. g4 Nc2+ 21. Kf2
Nxa1 22. b3 Nxb3 23. axb3 Qxb3 24. gxh5 Qxc4 25. hxg6+ Kxg6 26. Rh6+ Kg7 27. g6
Rf4 28. Rh7+ Kxg6 29. Rxc7 Qxe4 30. Nxf4+ Qxf4 31. Qd3+ Bf5 32. Qxd6+ Kh5 33.
Bh3 Qh4+ 34. Ke2 Qxh3 35. Qxe5 Qg2+ 36. Ke1 Qg5 37. Rg7 Qh4+ 38. Kf1 Kh6 39.
Rg2 Rg8 40. Rxg8 Qc4+ 41. Kf2 Qa2+ 42. Ke1 Qxg8 43. Qxf5 Qe8+ 44. Kf2 Qc6 45.
Qf4+ Kg6 46. Qg4+ Kf7 47. Qf4+ Qf6 48. Qc7+ Kg6 49. Qg3+ 1/2-1/2

[Event "2.BLS 1617 TSV Schönaich - SC Viernheim"]
[Site "?"]
[Date "2016.12.04"]
[Round "3.3"]
[White "Kryvoruchko, Yuriy"]
[Black "Saric, Ante"]
[Result "1-0"]
[WhiteElo "2699"]
[BlackElo "2547"]
[PlyCount "75"]
[EventDate "2016.??.??"]

1. e4 e6 2. d4 d5 3. Nc3 Nf6 4. e5 Nfd7 5. f4 c5 6. Nf3 Nc6 7. Be3 Be7 8. Qd2
O-O 9. dxc5 Bxc5 10. O-O-O Qa5 11. a3 Rb8 12. Bxc5 Nxc5 13. Qe3 Qb6 14. Nd4 Bd7
15. f5 Rbc8 16. f6 gxf6 17. exf6 Kh8 18. Kb1 Rg8 19. Be2 Nxd4 20. Rxd4 Na4 21.
Nxa4 Bxa4 22. Rc1 e5 23. Qxe5 Rce8 24. Qf5 Rxe2 25. Rxa4 Rexg2 26. Qe5 R2g5 27.
Qe7 Qc6 28. Rf4 Qe6 29. Qxb7 Qe5 30. Rb4 a5 31. Rb5 Qxf6 32. Rxa5 d4 33. Rxg5
Rxg5 34. Rd1 Qg6 35. Qd7 Rg2 36. Qxd4+ f6 37. Qc5 Kg7 38. h4 1-0

[Event "2.BLS 1617 TSV Schönaich - SC Viernheim"]
[Site "?"]
[Date "2016.12.04"]
[Round "3.4"]
[White "Martinovic, Sasa"]
[Black "Korobov, Anton"]
[Result "1/2-1/2"]
[WhiteElo "2550"]
[BlackElo "2692"]
[PlyCount "83"]
[EventDate "2016.??.??"]

1. d4 Nf6 2. c4 e6 3. Nc3 Bb4 4. Qc2 d6 5. Nf3 O-O 6. Bd2 c5 7. dxc5 dxc5 8. e3
Nc6 9. a3 Ba5 10. Bd3 h6 11. O-O-O b6 12. Rhg1 Ng4 13. Nb5 Qe7 14. Bh7+ Kh8 15.
Be4 Bb7 16. Bxa5 bxa5 17. Nd6 Nf6 18. Bxc6 Bxc6 19. Ne5 Qc7 20. Rd2 Kg8 21. f3
Rab8 22. Rgd1 a6 23. g4 Nd7 24. Nxc6 Qxc6 25. f4 Nf6 26. h3 Qf3 27. g5 hxg5 28.
fxg5 Nh7 29. Nxf7 Rxf7 30. g6 Rf5 31. gxh7+ Kxh7 32. Qc3 a4 33. Rd7 Qg2 34. Qc2
Qxc2+ 35. Kxc2 Rf3 36. Rg1 Rf2+ 37. Kc1 Rbxb2 38. Rdxg7+ Kh6 39. Rg8 Rbc2+ 40.
Kb1 Rb2+ 41. Kc1 Rbc2+ 42. Kb1 1/2-1/2

[Event "2.BLS 1617 TSV Schönaich - SC Viernheim"]
[Site "?"]
[Date "2016.12.04"]
[Round "3.5"]
[White "Kovalenko, Igor"]
[Black "Volke, Karsten"]
[Result "1-0"]
[WhiteElo "2684"]
[BlackElo "2460"]
[PlyCount "143"]
[EventDate "2016.??.??"]

1. e4 e5 2. Bc4 Nf6 3. d3 Nc6 4. Nf3 Bc5 5. a4 d6 6. c3 a6 7. O-O Ba7 8. Na3 h6
9. b4 O-O 10. Re1 Ne7 11. a5 Ng6 12. h3 Re8 13. Ra2 c6 14. Bb3 d5 15. Rd2 Qc7
16. Ba4 Bd7 17. c4 Rad8 18. Bb2 d4 19. c5 Be6 20. Bb3 Qe7 21. Bc1 Bb8 22. Rb2
Bc8 23. Kh1 Nh7 24. Ng1 Qh4 25. g3 Qe7 26. Qh5 Kh8 27. Rf1 Nf6 28. Qd1 Nh7 29.
Qh5 Nf6 30. Qf3 Rf8 31. Nc4 Be6 32. Qg2 Nd7 33. Nd2 f5 34. Bxe6 Qxe6 35. exf5
Rxf5 36. Ne4 Rdf8 37. Re1 Qd5 38. Ree2 Bc7 39. Bd2 R5f7 40. Be1 Nf6 41. Nxf6
Qxg2+ 42. Kxg2 gxf6 43. Nf3 Rg8 44. Bd2 Kh7 45. Rb1 h5 46. Rg1 Ne7 47. Kf1 Kg7
48. g4 hxg4 49. Rxg4+ Kh8 50. Rh4+ Kg7 51. Ree4 Kf8 52. Reg4 Rxg4 53. hxg4 Ng6
54. Rh5 Ke8 55. Ke2 Bd8 56. Bh6 Rh7 57. Nd2 Kf7 58. Ne4 Be7 59. Kf3 Ke6 60. Ng3
Bd8 61. Ke4 Ne7 62. f4 exf4 63. Ne2 Nd5 64. Nxf4+ Nxf4 65. Bxf4 Rg7 66. Rh8 Kd7
67. Kf5 Re7 68. g5 fxg5 69. Rxd8+ Kxd8 70. Bxg5 Kd7 71. Bxe7 Kxe7 72. Ke5 1-0

[Event "2.BLS 1617 TSV Schönaich - SC Viernheim"]
[Site "?"]
[Date "2016.12.04"]
[Round "3.6"]
[White "Plenca, Jadranko"]
[Black "Fedorchuk, Sergey"]
[Result "1/2-1/2"]
[WhiteElo "2415"]
[BlackElo "2615"]
[PlyCount "99"]
[EventDate "2016.??.??"]

1. e4 c5 2. Nf3 e6 3. g3 b6 4. Bg2 Bb7 5. d4 Bxe4 6. Nc3 Bb7 7. d5 Nf6 8. Ne5
Qc8 9. O-O Be7 10. Bg5 Na6 11. Nc4 O-O 12. a3 Rb8 13. Re1 exd5 14. Bxf6 Bxf6
15. Nxd5 Bxd5 16. Bxd5 Nc7 17. Nd6 Qd8 18. c3 b5 19. Nb7 Rxb7 20. Bxb7 d5 21.
Qf3 d4 22. Rad1 Ne6 23. h4 Qa5 24. cxd4 Nxd4 25. Qe4 Qb6 26. Bd5 g6 27. h5 Kg7
28. Qg4 Qd6 29. Bg2 a5 30. f4 c4 31. Be4 Qc5 32. Kg2 b4 33. hxg6 hxg6 34. f5
Nxf5 35. Bxf5 Qxf5 36. Qxf5 gxf5 37. Re2 Rb8 38. axb4 axb4 39. Rc1 c3 40. bxc3
Bxc3 41. Rb1 Kg6 42. Rf2 Rd8 43. Rf4 Rd2+ 44. Kh3 Rd3 45. Kg2 Rd5 46. Rbxb4
Bxb4 47. Rxb4 Rd3 48. Kf2 Kg5 49. Rb7 Kg4 50. Rb4+ 1/2-1/2

[Event "2.BLS 1617 TSV Schönaich - SC Viernheim"]
[Site "?"]
[Date "2016.12.04"]
[Round "3.7"]
[White "Maze, Sebastien"]
[Black "Plenca, Julijan"]
[Result "1-0"]
[WhiteElo "2608"]
[BlackElo "2411"]
[PlyCount "133"]
[EventDate "2016.??.??"]

1. e4 c5 2. Nf3 d6 3. Bb5+ Nd7 4. c3 Ngf6 5. Qe2 a6 6. Ba4 b5 7. Bc2 Bb7 8. d4
e6 9. O-O Be7 10. Re1 Qc7 11. Bd3 e5 12. dxe5 dxe5 13. c4 bxc4 14. Bc2 O-O 15.
Nbd2 Nb8 16. Nxc4 Nc6 17. Bd2 Rac8 18. Rac1 Nd4 19. Qd1 Nd7 20. Bd3 Bc6 21. Ne3
Qb7 22. Nxd4 exd4 23. Nf5 Rfe8 24. e5 g6 25. Nh6+ Kg7 26. Qg4 Bd5 27. b3 Bf8
28. Qg3 Kh8 29. Ng4 Bg7 30. Bh6 Bxh6 31. Nxh6 a5 32. h4 Qb4 33. Bc4 Qd2 34. f4
Bxc4 35. bxc4 Rf8 36. h5 Rc6 37. Rcd1 Qc2 38. Qh3 Nb6 39. hxg6 Qxg6 40. Nf5 Qe6
41. Rd3 Nxc4 42. Rg3 Ne3 43. Nxe3 Qxh3 44. Rxh3 dxe3 45. Rhxe3 Rd8 46. R1e2 Kg7
47. Kf2 Rd4 48. Kf3 Kg6 49. g4 h5 50. Rg2 hxg4+ 51. Rxg4+ Kf5 52. Rg5+ Ke6 53.
f5+ Ke7 54. Rb3 c4 55. Rb2 Rd7 56. Rb1 Rd3+ 57. Ke4 Rh6 58. f6+ Kd7 59. Rb7+
Kc6 60. Rxf7 Rh4+ 61. Kf5 c3 62. Rf8 Rdh3 63. Kg6 Kb7 64. Rg2 Rc4 65. Rc2 Rg3+
66. Kf7 Rd3 67. e6 1-0

[Event "2.BLS 1617 TSV Schönaich - SC Viernheim"]
[Site "?"]
[Date "2016.12.04"]
[Round "3.8"]
[White "Fischer, Sebastian"]
[Black "Tarlev, Konstantin"]
[Result "0-1"]
[WhiteElo "2214"]
[BlackElo "2591"]
[PlyCount "90"]
[EventDate "2016.??.??"]

1. d4 Nf6 2. Nf3 g6 3. Bg5 Bg7 4. c3 h6 5. Bh4 d6 6. Nbd2 Nbd7 7. e4 Nh5 8. Nc4
O-O 9. a4 Ndf6 10. Nfd2 c5 11. dxc5 d5 12. exd5 Qxd5 13. Qf3 Qxc5 14. Be2 Bg4
15. Qe3 Qc7 16. Bg3 Nxg3 17. Qxg3 Qxg3 18. hxg3 Be6 19. Ne3 Rad8 20. Bc4 Bc8
21. Ke2 h5 22. Rhd1 Bh6 23. Ndf1 Kg7 24. a5 e6 25. Rxd8 Rxd8 26. Rd1 Bd7 27.
Nh2 Rc8 28. Nhf1 Kf8 29. Bd3 Ke7 30. Nd2 Bc6 31. Ndc4 Nd7 32. b4 Bg7 33. Rc1 f5
34. Nd2 Ne5 35. Bb1 g5 36. f4 gxf4 37. gxf4 Ng6 38. g3 h4 39. gxh4 Nxf4+ 40.
Kf2 Bf6 41. Nf3 Rg8 42. c4 Nh3+ 43. Ke2 f4 44. Rh1 Bxf3+ 45. Kxf3 Rg3+ 0-1

[Event "2.BLS 1617 SC Emmendingen - Schott Main"]
[Site "?"]
[Date "2016.12.04"]
[Round "3.1"]
[White "Lobron, Eric"]
[Black "Hera, Imre"]
[Result "1-0"]
[WhiteElo "2520"]
[BlackElo "2615"]
[PlyCount "113"]
[EventDate "2016.??.??"]

1. e4 c5 2. Nf3 e6 3. d4 cxd4 4. Nxd4 a6 5. Bd3 Nf6 6. O-O d6 7. c4 Nbd7 8. Nc3
Be7 9. Qe2 O-O 10. b3 Qc7 11. Bb2 b6 12. Rac1 Bb7 13. f4 Rfe8 14. Bb1 Bf8 15.
Nf3 g6 16. Kh1 Bg7 17. Ng5 h6 18. Nh3 Rad8 19. Nf2 Qb8 20. Rcd1 Nc5 21. e5 dxe5
22. fxe5 Nh5 23. Ng4 Rxd1 24. Nxd1 Qa8 25. Bc1 Rd8 26. Nc3 b5 27. b4 Nd7 28.
Bxh6 Nxe5 29. Nxe5 Bxe5 30. Ne4 Rd4 31. Ng5 Bf4 32. Bxg6 fxg6 33. Qxe6+ Kh8 34.
Nf7+ Kh7 35. Bxf4 Rxf4 36. Ng5+ Kh6 37. Rxf4 Nxf4 38. Qe7 Bxg2+ 39. Kg1 Kh5 40.
Qe5 Kg4 41. h3+ Bxh3 42. Ne4 Qd8 43. Nf6+ Qxf6 44. Qxf6 bxc4 45. Qc6 c3 46. Kh2
Kg5 47. Qc4 Be6 48. Qxc3 Bxa2 49. b5 Bd5 50. b6 Kf5 51. Qc8+ Ke5 52. b7 Bxb7
53. Qxb7 Kf5 54. Kg3 Ne2+ 55. Kf3 Nd4+ 56. Ke3 Ne6 57. Qf7+ 1-0

[Event "2.BLS 1617 SC Emmendingen - Schott Main"]
[Site "?"]
[Date "2016.12.04"]
[Round "3.3"]
[White "Balcerak, Jakob"]
[Black "Miezis, Normunds"]
[Result "0-1"]
[WhiteElo "2451"]
[BlackElo "2509"]
[PlyCount "84"]
[EventDate "2016.??.??"]

1. d4 Nf6 2. c4 e6 3. Nf3 Bb4+ 4. Nbd2 d5 5. Qa4+ Nc6 6. a3 Bxd2+ 7. Bxd2 O-O
8. e3 Ne4 9. Rd1 Bd7 10. Qc2 a5 11. Bd3 f5 12. O-O Be8 13. cxd5 exd5 14. Ne5
Qe7 15. Bc1 Nxe5 16. dxe5 Qxe5 17. f3 Nd6 18. Qxc7 Ba4 19. Rde1 Rfc8 20. Qb6
Rc6 21. Qd4 Qxd4 22. exd4 Bb5 23. Bxb5 Nxb5 24. Re7 Nxd4 25. Rfe1 h6 26. Bf4
Rg6 27. Kf1 Rc8 28. Rxb7 Rc2 29. Be5 Nc6 30. Bg3 d4 31. b4 axb4 32. axb4 d3 33.
Rd1 f4 34. Bxf4 Rgxg2 35. Re7 Rcf2+ 36. Ke1 Rb2 37. Kf1 Rbf2+ 38. Ke1 Ra2 39.
Kf1 Raf2+ 40. Ke1 Re2+ 41. Kf1 Rxh2 42. Be3 Rh4 0-1

[Event "2.BLS 1617 SC Emmendingen - Schott Main"]
[Site "?"]
[Date "2016.12.04"]
[Round "3.4"]
[White "Sokolov, Andrei"]
[Black "Schenderowitsch, Michael"]
[Result "1/2-1/2"]
[WhiteElo "2521"]
[BlackElo "2343"]
[PlyCount "80"]
[EventDate "2016.??.??"]

1. e4 e6 2. d4 d5 3. Nd2 c5 4. exd5 Qxd5 5. Ngf3 cxd4 6. Bc4 Qd6 7. O-O Nf6 8.
Nb3 Nc6 9. Nbxd4 Nxd4 10. Nxd4 a6 11. a4 Qc7 12. b3 Bd6 13. h3 O-O 14. Bb2 b6
15. Qe2 Bb7 16. Rad1 Rfe8 17. Rd3 Nd5 18. Bxd5 Bxd5 19. Rfd1 Rad8 20. c4 Ba8
21. Nf5 Bh2+ 22. Kh1 exf5 23. Rxd8 Rxd8 24. Rxd8+ Qxd8 25. Kxh2 Qd6+ 26. Kg1
Be4 27. f3 Qd3 28. Qxd3 Bxd3 29. Bd4 Bc2 30. b4 Bxa4 31. Bxb6 Kf8 32. Kf2 Bb3
33. c5 Ba4 34. Ke3 Ke7 35. Bc7 Ke6 36. h4 Bb5 37. Bd6 f6 38. Bf8 Kf7 39. Bd6
Ke6 40. Kd4 h5 1/2-1/2

[Event "2.BLS 1617 SC Emmendingen - Schott Main"]
[Site "?"]
[Date "2016.12.04"]
[Round "3.5"]
[White "Bewersdorff, Oliver"]
[Black "Cvitan, Ognjen"]
[Result "0-1"]
[WhiteElo "2317"]
[BlackElo "2491"]
[PlyCount "64"]
[EventDate "2016.??.??"]

1. Nf3 Nf6 2. c4 e6 3. g3 d5 4. Bg2 Be7 5. O-O O-O 6. b3 c5 7. Bb2 Nc6 8. cxd5
exd5 9. d4 Re8 10. Nc3 Bg4 11. dxc5 Bxc5 12. Rc1 Bf8 13. Re1 Rc8 14. a3 Qd7 15.
Nb5 Ne4 16. Nbd4 f6 17. Rc2 Bc5 18. Rf1 Bb6 19. Nxc6 bxc6 20. b4 Kh8 21. Bd4
Nd6 22. a4 Bf5 23. Rc1 Be4 24. e3 Qb7 25. Bc3 a6 26. Re1 c5 27. Nh4 Bxg2 28.
Nxg2 Ne4 29. Nf4 d4 30. exd4 cxd4 31. Bd2 Nxg3 32. Rxc8 Rxc8 0-1

[Event "2.BLS 1617 SC Emmendingen - Schott Main"]
[Site "?"]
[Date "2016.12.04"]
[Round "3.7"]
[White "Kienast, Joerg"]
[Black "Shevchenko, Kirill"]
[Result "0-1"]
[WhiteElo "2227"]
[BlackElo "2439"]
[PlyCount "62"]
[EventDate "2016.??.??"]

1. e4 c5 2. Nf3 d6 3. c3 Nf6 4. Be2 Bd7 5. e5 dxe5 6. Nxe5 Nc6 7. f4 e6 8. O-O
Bd6 9. d4 cxd4 10. cxd4 O-O 11. Nc3 Ne7 12. Kh1 Bc6 13. Bf3 Bxf3 14. Rxf3 Rc8
15. Be3 Ned5 16. Bf2 Nxc3 17. bxc3 Ne4 18. Be1 Qc7 19. Re3 f5 20. Qb3 Rfe8 21.
Rc1 Bxe5 22. dxe5 Qc4 23. Bh4 Qd5 24. Qa4 b5 25. Qd1 Rc4 26. Qh5 g6 27. Qh6 b4
28. Bf6 Qb7 29. Rd1 bxc3 30. Kg1 c2 31. Rh3 Qf7 0-1

[Event "2.BLS 1617 SC Emmendingen - Schott Main"]
[Site "?"]
[Date "2016.12.04"]
[Round "3.8"]
[White "Weidemann, Joerg"]
[Black "Siebenhaar, Erich"]
[Result "1-0"]
[WhiteElo "2301"]
[BlackElo "2073"]
[PlyCount "97"]
[EventDate "2016.??.??"]

1. e4 Nf6 2. e5 Nd5 3. d4 d6 4. Bc4 Nb6 5. Bb3 dxe5 6. Qh5 e6 7. dxe5 Nc6 8.
Nf3 Nd4 9. Nxd4 Qxd4 10. O-O Be7 11. Nd2 Bd7 12. Nf3 Qe4 13. a4 Qg6 14. Qh3 c5
15. a5 Nd5 16. Bd2 f5 17. exf6 gxf6 18. Rfe1 Rg8 19. g3 Rd8 20. Nh4 Qg4 21. Qg2
Bc6 22. f3 Qd4+ 23. Kh1 c4 24. c3 Qc5 25. Bc2 Kf7 26. Qe2 Rd6 27. Bxh7 Rg7 28.
Bc2 f5 29. Ng2 Bf6 30. Nf4 Nxf4 31. Bxf4 e5 32. Be3 Qd5 33. Bxf5 Qxf3+ 34. Qxf3
Bxf3+ 35. Kg1 e4 36. Bf4 Rd5 37. Bxe4 Bxe4 38. Rxe4 Rb5 39. Rf1 Kg6 40. Rf2 Re7
41. Rxc4 Re1+ 42. Kg2 Rxa5 43. Bd2 Re6 44. h4 Rb5 45. b4 a5 46. Rg4+ Kh5 47.
Kh3 axb4 48. cxb4 Rd5 49. Rg8 1-0

[Event "2.BLS 1617 SC Untergrombach - Caissa Sc"]
[Site "?"]
[Date "2016.12.04"]
[Round "3.1"]
[White "Frischmann, Rick"]
[Black "Rogic, Davor"]
[Result "0-1"]
[WhiteElo "2321"]
[BlackElo "2513"]
[PlyCount "58"]
[EventDate "2016.??.??"]

1. e4 e5 2. Nf3 Nc6 3. d4 exd4 4. Nxd4 Nf6 5. Nxc6 bxc6 6. e5 Qe7 7. Qe2 Nd5 8.
c4 Nb6 9. Nc3 Ba6 10. Qe4 g6 11. Bf4 Bg7 12. c5 Bxf1 13. cxb6 Ba6 14. bxc7 O-O
15. O-O-O f6 16. e6 d5 17. Qa4 Bb7 18. Rhe1 Rfe8 19. Kb1 f5 20. Re2 a5 21. Rde1
d4 22. Qb3 Ba6 23. Na4 Bxe2 24. Rxe2 d3 25. Qxd3 Qb4 26. Qb3 Qxf4 27. e7+ Kh8
28. Nb6 a4 29. Qf7 Qd4 0-1